000 00653nam a2200229Ia 4500
003 OSt
005 20220928114112.0
006 a|||||r|||| 00| 0
007 ta
008 220927b |||||||| |||| 00| 0 eng d
024 _a40340
037 _cTextual
040 _aSDCL
_cSDCL
_beng
041 _2eng
_aeng
082 _aV2,31'N91<N52, N2
100 _aKashyap Subhash C
245 0 _aTen lok sabhas
_b From the first to the tenth (1952-1991)
260 _aNew Delhi
_bShipra Publications
_c1992
300 _aviii,264p
_ccm.
942 _hV2,31'N91<N52, N2
_cTEXL
_2CC
999 _c753006
_d753006